000 00423nam a2200205Ia 4500
001 001629
003 YMCAF
005 20230512160109.0
008 100717s1971 ||||||||||||||||| ||und|d
024 _a1629
035 _a1610
040 _aYMCAF
_beng
_cIN-KoLT
041 _aeng
082 _a621.381
_bBRA
100 _aBRANSON L.
245 0 _aINTRO. TO ELEC.
260 _c1971
300 _a594
942 _2ddc
_cBK
999 _c1317
_d1317